La diplomazia pontificia: da Silvestro I a Giovanni Paolo II, un profilo
Uloženo v:
| Hlavní autor: | |
|---|---|
| Médium: | Kniha |
| Jazyk: | italština |
| Vydáno: |
Milán
Jaca Book
1998
|
| Edice: | Per una Storia d'Occidente Chiesa e Società
|
| Témata: | |
| Tagy: |
Přidat tag
Žádné tagy, Buďte první, kdo vytvoří štítek k tomuto záznamu!
|
MARC
| LEADER | 00000nam a2200000 a 4500 | ||
|---|---|---|---|
| 001 | UCM9302 | ||
| 003 | CL-VaPUC | ||
| 008 | 030417e19980000IT |||||||||||||||||ita|d | ||
| 082 | 0 | 4 | |a 262.9 |b FEL |2 21 |
| 100 | 0 | |a Feldkamp, Michael F |e author |9 475760 | |
| 245 | 1 | 3 | |a La diplomazia pontificia: da Silvestro I a Giovanni Paolo II, un profilo |
| 300 | |a 134 p | ||
| 942 | |c BK | ||
| 945 | |d 20030417 00:00:00 |a cmena | ||
| 260 | |a Milán |b Jaca Book |c 1998 | ||
| 650 | 7 | |a DERECHO CANONICO |2 CL-VaPUC |9 475761 | |
| 650 | 0 | |a Diplomacia |9 256483 | |
| 650 | 0 | |a Relaciones Internacionales |9 255740 | |
| 650 | 0 | |a Historia de la iglesia |9 257565 | |
| 583 | |a last modification |c 20030417 00:00:00 |k Rodrigo Vera | ||
| 490 | 0 | |a Per una Storia d'Occidente Chiesa e Società | |
| 999 | |c 303623 |d 303621 | ||
| 952 | |0 0 |1 0 |4 0 |6 262_900000000000000_FEL_1998 |7 0 |8 A |9 365085 |a BIBDER |b BIBDER |d 2019-11-21 |i 389746K |o 262.9 FEL 1998 |p 389746K |r 2023-01-25 |w 2019-11-21 |y BK |k DER | ||